01217cam a2200289 a 450000100100000000500170001000800410002702000150006804000250008308200150010824501350012326000540025830000340031254600280034650000700037450400500044465000280049465000450052265100360056765100430060365000400064665100310068670000380071770000360075595201190079199900170091000001798120200929165313.0970807s1996 bl ab b 000 0 por  a8585981032 aDO-SdBNPbspacBNPHU axxxxbxxxx00aBrasil aventura :bilhas = islands /ccoordenacao, Ana Augusta Rocha, Roberto Linsker ; [fotografia, Roberto Linsker ... [et al.]. aSao Paulo, Brasil :bTerra Virgem Editora,c1996. a175 p. :bil., maps ;c29 cm. aPortuguese and English. aAccompanied by: Brasil aventura : ilhas = islands : guia = guide. aIncludes bibliographical references (p. 174). 4aIslandszBrazil.938978 4aIslandszBrazilxPictorial works.938979 4aBrazilzPictorial Works.938980 4aBrazilxDescription And Travel.938981 4aIslandszBrazilxGuidebooks.938982 4aBrazilxGuidebooks.9389831 aRocha, Ana Augusta,d1961-9389841 aLinsker, Roberto,d1964-938985 001054708MOaGRbGRcCTd2010-04-08iLF1l0oxxxx xxxxp17981-10r2020-06-25w2020-06-25y4ZPréstamo en sala c17503d17503